La vita comune del clero : (Record n. 26673)

Dettagli MARC
000 -LEADER
fixed length control field 00816nam a2200241 i 4500
003 - CONTROL NUMBER IDENTIFIER
control field IT-RoINE
005 - DATE AND TIME OF LATEST TRANSACTION
control field 20180927072513.0
008 - FIXED-LENGTH DATA ELEMENTS--GENERAL INFORMATION
fixed length control field 040617s1968 it |r |001|||ita|d
040 ## - CATALOGING SOURCE
Original cataloging agency UPSA
Transcribing agency esslup IT-RoINE
Modifying agency IT-RoINE
100 1# - MAIN ENTRY--PERSONAL NAME
Personal name Poggiaspalla, Ferminio
9 (RLIN) 52652
245 13 - TITLE STATEMENT
Title La vita comune del clero :
Remainder of title dalle origini alla riforma gregoriana /
Statement of responsibility, etc Ferminio Poggiaspalla.
260 ## - PUBLICATION, DISTRIBUTION, ETC. (IMPRINT)
Place of publication, distribution, etc Roma :
Name of publisher, distributor, etc Storia e Letteratura,
Date of publication, distribution, etc 1968.
300 ## - PHYSICAL DESCRIPTION
Extent 175 p. ;
Dimensions 25 cm.
336 ## - CONTENT TYPE
Source rdacontent
Content type term text
337 ## - MEDIA TYPE
Source rdamedia
Media type term unmediated
338 ## - CARRIER TYPE
Source rdacarrier
Carrier type term volume
490 1# - SERIES STATEMENT
Series statement Uomini e dottrine ;
Volume number/sequential designation 14
500 ## - GENERAL NOTE
General note Incluye índice.
504 ## - BIBLIOGRAPHY, ETC. NOTE
Bibliography, etc Incluye referencias bibliográficas en notas.
650 #4 - SUBJECT ADDED ENTRY--TOPICAL TERM
Topical term or geographic name as entry element Clero
General subdivision Historia
Chronological subdivision Siglos 2o.-11o.
9 (RLIN) 52653
830 #0 - SERIES ADDED ENTRY--UNIFORM TITLE
9 (RLIN) 52585
Uniform title Uomini e dottrine ;
Volume number/sequential designation 14
942 ## - ADDED ENTRY ELEMENTS (KOHA)
Item type Monografías
Dati di copia
Withdrawn status Lost status Damaged status Not for loan Home library Current library Date acquired Total Checkouts Full call number Barcode Date last seen Price effective from Koha item type
        Iglesia Nacional Española en Roma Iglesia Nacional Española en Roma 27/09/2018   HIS.ECL 212 52325 27/09/2018 27/09/2018 Monografías